Modern experimental organic chemistry / (Record no. 1174)

000 -LEADER
fixed length control field 01088nam a22003251 4500
003 - CONTROL NUMBER IDENTIFIER
control field ALUPE UNIVERSITY
005 - DATE AND TIME OF LATEST TRANSACTION
control field 20210624080541.0
008 - FIXED-LENGTH DATA ELEMENTS--GENERAL INFORMATION
fixed length control field 940125s1985 xxua b 001 0 eng d
020 ## - INTERNATIONAL STANDARD BOOK NUMBER
International Standard Book Number 0030630185
020 ## - INTERNATIONAL STANDARD BOOK NUMBER
International Standard Book Number 0030047625 (prelabeXercises)
040 ## - CATALOGING SOURCE
Transcribing agency ALUPE UNIVERSITY
049 ## - LOCAL HOLDINGS (OCLC)
Holding library CURL
Local processing data l
Missing elements +
050 #0 - LIBRARY OF CONGRESS CALL NUMBER
Classification number QD261
Item number .M63 1985
092 ## - LOCALLY ASSIGNED DEWEY CALL NUMBER (OCLC)
Classification number D0501406305
245 00 - TITLE STATEMENT
Title Modern experimental organic chemistry /
Statement of responsibility, etc. Royston M. Roberts ... [et al.]
250 ## - EDITION STATEMENT
Edition statement 4th ed
260 ## - PUBLICATION, DISTRIBUTION, ETC.
Place of publication, distribution, etc. Philadelphia :
Name of publisher, distributor, etc. Saunders College Publishing,
Date of publication, distribution, etc. c1985
300 ## - PHYSICAL DESCRIPTION
Extent xxv, 804 p :
Other physical details ill ;
Dimensions 25 cm
500 ## - GENERAL NOTE
General note Ill. on lining paper
504 ## - BIBLIOGRAPHY, ETC. NOTE
Bibliography, etc. note Includes bibliographies and index
650 #0 - SUBJECT ADDED ENTRY--TOPICAL TERM
Topical term or geographic name entry element Chemistry, Organic
Form subdivision Laboratory manuals
700 1# - ADDED ENTRY--PERSONAL NAME
Personal name Roberts, Royston M.
942 ## - ADDED ENTRY ELEMENTS (KOHA)
Source of classification or shelving scheme
Koha item type Book
Suppress in OPAC DO
Holdings
Withdrawn status Lost status Source of classification or shelving scheme Damaged status Not for loan Permanent Location Current Location Shelving location Date acquired Total Checkouts Full call number Barcode Date last seen Price effective from Koha item type Public note
          AU LIBRARY AU LIBRARY Open Shelf 24.06.2021   QD261 .M63 1985 28003877 24.06.2021 24.06.2021 Book DO

Powered by Koha